... annual report on unidentified aerial phenomena.

Unidentified Aerial Phenomena (UAP) reporting is increasing, enabling a greater awareness of the airspace and increased opportunity to resolve UAP events. UAP events continue to occur in restricted or sensitive airspace, highlighting possible concerns for safety of flight or adversary collection act...

Full description

Bibliographic Details
New Title:Fiscal year ... consolidated annual report on unidentified anomalous phenomena
Previous Title:United States. Office of the Director of National Intelligence. Preliminary assessment.
Format: Government Document Serial
Language:English
Published: Washington, DC : Office of the Director of National Intelligence, 2022.
Subjects:
Online Access:https://purl.fdlp.gov/GPO/gpo218530
Online Availability: Check for online availability

MARC

Tag First Indicator Second Indicator Subfields
LEADER 00000cas a2200000 i 4500
001 in00004750813
006 m | d
007 cr |||||||||||
008 230115d20222022dcuar o f0 a0eng c
005 20231213205116.5
010 |a 2023235285 
022 0 |a 2995-2476  |2 1 
035 |a (OCoLC)on1359337886 
040 |a DID  |b eng  |e rda  |e pn  |c DID  |d OCLCF  |d GPO  |d DLC  |d MvI 
042 |a pcc  |a nsdp 
043 |a n-us--- 
049 |a WWW 
074 |a 0857-T (online) 
086 0 |a PREX 28.2:UN 3/ 
222 0 |a Annual report on unidentified aerial phenomena 
245 0 0 |a ... annual report on unidentified aerial phenomena. 
246 1 |i Title in link to issue:  |a Report: Office of the Director of National Intelligence annual report on unidentified anomalous phenomena 
264 1 |a Washington, DC :  |b Office of the Director of National Intelligence,  |c 2022. 
300 |a 1 online resource (1 volume) :  |b color illustrations 
310 |a Annual 
336 |a text  |b txt  |2 rdacontent 
337 |a computer  |b c  |2 rdamedia 
338 |a online resource  |2 rdacarrier 
362 1 |a Began and ceased with: 2022. 
500 |a Unclassified. 
500 |a In scope of the U.S. Government Publishing Office Cataloging and Indexing Program (C&I) and Federal Depository Library Program (FDLP). 
500 |a GPO Cataloging Record Distribution Program (CRDP). 
520 |a Unidentified Aerial Phenomena (UAP) reporting is increasing, enabling a greater awareness of the airspace and increased opportunity to resolve UAP events. UAP events continue to occur in restricted or sensitive airspace, highlighting possible concerns for safety of flight or adversary collection activity. We continue to assess that this may result from a collection bias due to the number of active aircraft and sensors, combined with focused attention and guidance to report anomalies. AARO, in conjunction with NIM-Aviation and the IC, will continue to investigate any evidence of possible foreign government involvement in UAP events. 
588 0 |a 2022; title from PDF cover page (DNI.gov, viewed Sept. 28, 2023). 
588 1 |a 2022 (viewed Sept. 28, 2023). 
650 0 |a Unidentified flying objects  |x Sightings and encounters  |v Periodicals. 
650 7 |a Unidentified flying objects.  |2 fast  |0 (OCoLC)fst01161308 
710 1 |a United States.  |b Office of the Director of National Intelligence,  |e issuing body. 
710 1 |a United States.  |b All-Domain Anomaly Resolution Office,  |e issuing body. 
780 0 2 |a United States. Office of the Director of National Intelligence.  |t Preliminary assessment.  |d [Washington, D.C.] : Office of the Director of National Intelligence, 2021  |w (OCoLC)1257787762 
785 0 0 |t Fiscal year ... consolidated annual report on unidentified anomalous phenomena  |x 2995-2662  |w (DLC) 2023235302  |w (OCoLC)1406846757 
856 4 0 |u https://purl.fdlp.gov/GPO/gpo218530  |t 0 
999 f f |s 4eceac7f-e5db-40f7-b07f-6cdfb98b3af3  |i dce21bb0-8140-4cb2-b597-cd9c504ad22d  |t 0 
952 f f |a Texas A&M University  |b College Station  |c Electronic Resources  |d Available Online  |t 0  |e PREX 28.2:UN 3/  |h Superintendent of Documents classification 
998 f f |a PREX 28.2:UN 3/  |t 0  |l Available Online